|
|
|
|
| LEADER |
01819cas a2200265 a 4500 |
| 001 |
AALejournalIMF015196 |
| 008 |
230101c9999 xx r poo 0 0eng d |
| 020 |
|
|
|c 5.00 USD
|
| 020 |
|
|
|z 9781484353189
|
| 022 |
|
|
|a 1018-5941
|
| 040 |
|
|
|a BD-DhAAL
|c BD-DhAAL
|
| 100 |
1 |
|
|a Hunt, Benjamin.
|
| 245 |
1 |
4 |
|a The Potential Macroeconomic Impact of the Unconventional Oil and Gas Boom in the United States /
|c Benjamin Hunt, Dirk Muir, Martin Sommer.
|
| 264 |
|
1 |
|a Washington, D.C. :
|b International Monetary Fund,
|c 2015.
|
| 300 |
|
|
|a 1 online resource (25 pages)
|
| 490 |
1 |
|
|a IMF Working Papers
|
| 500 |
|
|
|a <strong>Off-Campus Access:</strong> No User ID or Password Required
|
| 500 |
|
|
|a <strong>On-Campus Access:</strong> No User ID or Password Required
|
| 506 |
|
|
|a Electronic access restricted to authorized BRAC University faculty, staff and students
|
| 520 |
3 |
|
|a This paper uses two of the IMF's structural macroeconomic models to estimate the potential global impact of the boom in unconventional oil and natural gas in the United States. The results suggest that the impact on the level of U.S. real GDP over roughly the next decade could be significant, but modest, ranging between 1 and 1 1\2 percent. Further, while the impact on the U.S. energy trade balance will be large, most results suggest that its impact on the overall U.S. current account will be negligible. The impact outside of the United States will be modestly positive on average, but most countries dependent on energy exports will be affected adversely.
|
| 538 |
|
|
|a Mode of access: Internet
|
| 700 |
1 |
|
|a Muir, Dirk.
|
| 700 |
1 |
|
|a Sommer, Martin.
|
| 830 |
|
0 |
|a IMF Working Papers; Working Paper ;
|v No. 2015/092
|
| 856 |
4 |
0 |
|z Full text available on IMF
|u http://elibrary.imf.org/view/journals/001/2015/092/001.2015.issue-092-en.xml
|z IMF e-Library
|